000
00330 a2200157 4500
001
192405
020
_a
555565
040
_c
Magnum
100
_a
Diaféria, Lourenço
240
1
0
_a
A morte sem colete
_l
por
245
1
0
_a
A morte sem colete
300
_a
454
440
1
_a
Moderna
697
_a
LITERATURA GERAL
942
_c
BK
999
_c
192405
_d
192405